Państwa z literą H jako drugą literą - Statystyki

Ogólne statystyki
  • Ten quiz został rozwiązany 1 300 razy
  • Średni wynik to 3 z 5
Statystyki odpowiedzi
Kraj % Poprawnych
Chiny
87%
Chorwacja
83%
Bhutan
56%
Chile
56%
Ghana
40%
Nie znaleziono quizów pasujących do podanych kryteriów
Rozkład punktacji
Procent ludzi z każdym wynikiem
Percentyl według liczby udzielonych odpowiedzi
Twoja historia wyników
Nie rozwiązałeś tego quizu